|
|
|
|
| LEADER |
00970nam a2200289 4500 |
| 001 |
29048 |
| 003 |
BD-DhAAL |
| 005 |
20150319143057.0 |
| 008 |
150319s2014 enkb b 001 0 eng |
| 010 |
|
|
|a 72565555
|
| 020 |
|
|
|a 0710069162
|
| 040 |
|
|
|a DLC
|c DLC
|d DLC
|d BD-DhAAL
|
| 050 |
0 |
0 |
|a LA71
|b .C55
|
| 082 |
0 |
0 |
|a 378/.00938
|
| 999 |
|
|
|c 34110
|d 34110
|
| 999 |
|
|
|c 34110
|
| 100 |
1 |
|
|a Clarke, M. L.
|q (Martin Lowther)
|9 9911
|
| 245 |
1 |
0 |
|a Higher education in the ancient world /
|c M. L. Clarke.
|
| 260 |
|
|
|a London,
|b Routledge & K. Paul,
|c 2014
|
| 300 |
|
|
|a xi, 188 p.
|b map.
|c 23 cm.
|
| 350 |
|
|
|a £2.25
|
| 504 |
|
|
|a Includes bibliographical references.
|
| 541 |
|
|
|e 29048
|
| 650 |
|
0 |
|a Education, Greek.
|9 9912
|
| 650 |
|
0 |
|a Education
|z Rome.
|9 9913
|
| 942 |
|
|
|2 ddc
|c BK
|
| 952 |
|
|
|0 0
|1 0
|2 ddc
|4 0
|6 378_009380000000000_CLA
|7 0
|9 53228
|a BRACUL
|b BRACUL
|c GEN
|d 2015-03-19
|e Karim International
|g 3300.00
|l 2
|m 4
|o 378.00938 CLA
|p 3010029048
|r 2016-11-23
|s 2016-09-06
|t 1
|w 2015-03-19
|y BK
|